Vestnik Moskovskogo universiteta naučnyj žurnal. Ekonomika

Saved in:
Bibliographic Details
Format: Serial
Language:Russian
Published: Moskva Izdatel'stvo Moskovskogo Universiteta 1984
Tags: Add Tag
No Tags, Be the first to tag this record!

MARC

LEADER 00000nas2a2200000 4500
001 s108993
005 20250730114201.4
041 0 |a rus 
044 |a RU 
245 1 0 |a Vestnik Moskovskogo universiteta  |b naučnyj žurnal. Ekonomika 
264 1 |a Moskva  |b Izdatel'stvo Moskovskogo Universiteta  |c 1984 
300 |a 1 zv. 
773 0 |w eu_un_cat*s120279